|
|
|
|
| LEADER |
00000cam a2200000 7i4500 |
| 001 |
0000085292 |
| 005 |
20200623.0 |
| 008 |
200623 |
| 020 |
|
|
|a 9679562166
|
| 090 |
0 |
0 |
|a 808.81
|b PAN
|
| 245 |
0 |
0 |
|a Pantun dan lagu kanak-kanak Malaysia.6 :
|b lagu kanak-kanak
|c Disusun oleh Sailah Durasit
|
| 260 |
|
|
|a Selangor :
|b Penerbitan Pan-Earth Sdn.Bhd. ,
|c 1986
|
| 300 |
|
|
|a 22pg. :
|b Col.ill
|
| 490 |
1 |
|
|a Siri pantun dan lagu kanak-kanak Malaysia
|
| 650 |
|
0 |
|a Children's poetry, Malay
|
| 650 |
|
0 |
|a Malay fiction
|
| 650 |
|
0 |
|a Poetry
|x collections
|
| 999 |
|
|
|a 0000888100
|b Book
|c Adult Collection
|e Cawangan Segamat
|
| 999 |
|
|
|a 0000888101
|b Book
|c Adult Collection
|e Cawangan Bandar Penawar
|